Quizzes
Events
Quiz Creation
Community
Videos
Private Events
Remove Ads
Sign In
Join for FREE
Feedback
Dark Mode
Quiz Categories
Sports
Geography
Music
Movies
Television
Just For Fun
Miscellaneous
History
Literature
Language
Science
Gaming
Entertainment
Religion
Holiday
For Kids
Quiz Lab
Recent
Popular Today
Quiz Kudos Today
Editor Picks
Curator Picks
Quizzes by...
Day
Popularity
Type
Ratings
Length
Year
Community
Subscriptions
Recent Discussions
Orange Saloon
Badges
Playlists
Quests
Create
Leaderboards
Showdown
Live 5
Trivia Bingo
Activity
Puzzle Library
Sporcle Events
Private Events
Virtual Trivia
Globe League
Become a Host
Pub Owners
SporcleCon
Opinionation
Our Games
Videos
Blog
Mobile Apps
Partnerships
Remove Ads and Go Orange
Feedback
Music
Pop Music
The Beatles
Song
Album
Lyrics
Bands
Singers
Artist
Clip
Rock
Rap
Classical
Billboard
Country Music
Kpop
Taylor Swift
Music
Pop Music
The Beatles
Song
Album
Lyrics
Bands
Singers
Artist
Clip
Rock
Rap
Classical
Billboard
Country Music
Kpop
Taylor Swift
Random Quiz
Search Sporcle
×
Quiz Lab
Quiz Lab
Music
Song
Type in answers that appear in a list
Type in answers that appear in a list
Classic
Best Score? Go Orange.
Pink Floyd Album Songs Stats
Can you name the songs from the Pink Floyd studio albums?
By
trumpetman202
17m
154 Questions
546 Plays
546 Plays
546 Plays
Comments
Comments
Give Quiz Kudos
Give Quiz Kudos
-
- Ratings
hide this ad
Replay
Link that replays current quiz
Next Quiz
Link to next quiz in quiz playlist
You Got
0%
They Got
Avg Score
48%
Avg Friend Score
Upgrade to see
Score Distribution
Jump to the score distribution portion of the page
Score
0/154
Timer
17:00
0
Plays Today
% Correct
Wish You Were Here
91.4%
Time
89.7%
Money
89.7%
Another Brick in the Wall Part 1
89.4%
Another Brick in the Wall Part 2
89.4%
Another Brick in the Wall Part 3
89.4%
Shine On You Crazy Diamond Parts I-V
89%
Shine On You Crazy Diamond Parts VI-IX
89%
Dogs
89%
Breathe
87.2%
Sheep
86.8%
Us and Them
86.3%
Welcome to the Machine
86.3%
Have a Cigar
85.5%
Eclipse
84.2%
Comfortably Numb
84.2%
The Great Gig in the Sky
84.1%
Brain Damage
83.7%
Pigs on the Wing Part 1
83.2%
Pigs on the Wing Part 2
83.2%
Echoes
81.5%
Mother
80.4%
Any Colour You Like
77.5%
On the Run
77.3%
Atom Heart Mother Suite
76.6%
In the Flesh?
76.4%
In the Flesh
76.4%
Speak to Me
75.5%
Hey You
74.9%
Run Like Hell
74.9%
The Trial
74.7%
Young Lust
72.5%
Pigs (Three Different Ones)
71.8%
Vera
71.2%
Outside the Wall
70.7%
Sum
70.5%
Bike
70.3%
The Thin Ice
70.3%
Goodbye Blue Sky
69.4%
Astronomy Domine
67.9%
Waiting for the Worms
67.2%
One of These Days
66.7%
A Saucerful of Secrets
66.3%
Learning to Fly
66.1%
Seamus
65%
Bring the Boys Back Home
64.8%
The Happiest Days of our Lives
63%
San Tropez
61.5%
Goodbye Cruel World
61.5%
Is There Anybody Out There?
61.5%
Stop
61.5%
Interstellar Overdrive
60.1%
% Correct
Set the Controls for the Heart of the Sun
60.1%
High Hopes
59.7%
Empty Spaces
59.5%
Obscured by Clouds
59.3%
The Final Cut
59.2%
One of my Turns
58.8%
Fearless
57.9%
If
57.1%
Alan's Psychedelic Breakfast
56.2%
Fat Old Sun
54.9%
Nobody Home
54.9%
The Show Must Go On
54.2%
A Pillow of Winds
51.8%
Lucifer Sam
50.7%
The Gnome
50.5%
Jugband Blues
50.5%
Don't Leave Me Now
50.2%
The Dogs of War
50%
Summer '68
48.9%
Not Now John
47.3%
Sorrow
47.3%
Keep Talking
47.3%
Marooned
46.5%
On the Turning Away
46%
Scarecrow
45.8%
Corporal Clegg
45.8%
What Do You Want from Me?
45.1%
Matilda Mother
44.1%
Let There Be More Light
43.8%
Chapter 24
43.6%
The Fletcher Memorial Home
43.6%
Louder Than Words
42.6%
Free Four
42.5%
Pow R Toc H
42.3%
The Nile Song
41.6%
One Slip
40.8%
Cluster One
40.8%
Remember a Day
40.5%
Two Suns in the Sunset
39.9%
See-Saw
39.7%
The Gunner's Dream
39%
Take Up Thy Stethoscope and Walk
38.8%
Talkin' Hawkin'
38.8%
Wot's... Uh the Deal?
38.5%
A New Machine Part 1
37.7%
A New Machine Part 2
37.7%
A Great Day for Freedom
37.5%
Autumn '68
37.2%
Flaming
37.2%
Poles Apart
37%
Coming Back to Life
36.6%
Signs of Life
36.4%
% Correct
Green Is The Colour
36.3%
Sysyphus
36.3%
Allons-y (1)
35.7%
Allons-y (2)
35.7%
Terminal Frost
35.5%
Cymbaline
35.3%
Several Species of Small Furry Animals Gathered Together in a Cave and Grooving with a Pict
35.3%
The Grand Vizier's Garden Party
35.2%
The Post War Dream
35.2%
Grantchester Meadows
34.8%
The Gold It's in The...
34.6%
Yet Another Movie/Round and Around
34.2%
The Narrow Way
34.1%
Take It Back
33.7%
Southampton Dock
33.5%
Things Left Unsaid
33.3%
Childhood's End
33.2%
Skins
32.6%
Mudmen
31.9%
Lost for Words
31.9%
Get Your Filthy Hands Off My Desert
31.5%
Wearing the Inside Out
31.5%
Cirrus Minor
30.4%
Stay
30%
Absolutely Curtains
29.1%
Main Theme
28.9%
The Hero's Return
28.8%
Your Possible Pasts
28.2%
Ibiza Bar
28%
The Lost Art of Conversation
27.9%
A Spanish Piece
27.8%
It's What We Do
27.8%
Paranoid Eyes
27.3%
Anisina
27.1%
Burning Bridges
26.4%
When You're In
24.5%
Crying Song
23.8%
Quicksilver
23.8%
One of the Few
23.8%
Up The Khyber
22.7%
Ebb and Flow
22.5%
On Noodle Street
22.5%
Dramatic Theme
22.2%
Unsung
20.9%
Party Sequence
20.1%
More Blues
20.1%
Surfacing
18.6%
Night Light
17.8%
Calling
17.8%
Eyes To Pearls
16.3%
Quiz Playlist
Details
Report
Send in Message
Add To Playlist
Classic:
Type in answers that appear in a list
Last Updated: Feb 16, 2017
Quiz Scoreboard
CHALLENGE
Sign Up to Join the Scoreboard
Show All
Scores
Hide
Comments
May contain spoilers
Recently Published
Billboard Blitz: Fleetwood Mac
by CooCooCachoo
Music
15s
Presidents Visiting Landmarks
by Hejman
History
7m
An Introduction to Baseball
by treessimontrees
Sports
5m
More to Explore
Quiz From the Vault
Featured Blog Post
Where Did the Easter Bunny Come From?
hide this ad
You Might Also Like...
Tags
Album Quiz
Song Quiz
Floyd
pink
Pink Floyd
studio
Today's Top Quizzes in Music
Browse Music
hide this ad
Today's Top Quizzes in Song
Browse Song
Top Contributed Quizzes in Music
1
Taylor Swift All Songs (2024)
2
Guess the Artist- 70s Songs
3
7-to-1: Billboard Hot 100 #1 Hits of 2010s
4
Sorting Albums and Songs
5
Taylor Swift Logic Puzzle
6
One Thing in Common: Music
7
2010s Album by Cover III
8
KPOP LOGIC QUIZ
9
Guess the Taylor Swift song (Mystery Song)
10
Guess the Artist- 80s Songs
Explore More
Trending Topics
Anime
Harry Potter
Kpop
Crossword
Marvel
Disney
NBA
WWE
Soccer
Country
The Office
NFL
Pokémon
Puzzle
Song
hide this ad
More By:
trumpetman202
Quiz
Plays
Rating
Category
Featured
Created
Songs on Pet Sounds
3,397
4.26
Music
Oct 12, 2009
Pink Floyd Album Songs
546
5.00
Music
Nov 10, 2009
Rodriguez Songs
25
5.00
Music
Mar 10, 2013
Go to Creator's Profile
Score Distribution
Quiz Creator Spotlight
trumpetman202
Follow
Send a Message
Quizzes Created
-
Created Quiz Play Count
-
More By This Creator
Popular Quizzes Today
1
Find the US States - No Outlines Minefield
2
Find the Countries of Europe - No Outlines Minefield
3
The Countries of the World
4
Find the US States
5
US States
6
Popular People in 1961
7
Risky Map Clicking: Biggest States A-Z
8
Movies - When Are They Set?
More Music Quizzes
LANA DEL REY DISCOGRAPHY (October 2020) (All songs)
Quiz Lab
Trending Quizzes
Risky Map Clicking: Least Populous States A-Z
1-10 Letter G Words
1-10 Letter F Words
Risky Map Clicking: Next State Alphabetically
Risky Map Clicking: Biggest States A-Z
Recently Updated
Leaping Animals
pecheneg
Reality TV Shows (A-Z)
bhenderson79
Rickey Henderson's Hall of Fame Teammates
pecheneg
Champions League XIs: Arsenal
pecheneg
Quick Pick: Celebrities in WWE's Hall of Fame
aduchscher
A-Z Keypad Blitz II
pecheneg
Multiple Oscar Actors
pecheneg
Mystery Phrase Blitz: Oscar 'Best Actors'
pecheneg
F. Scott Fitzgerald Novels
LTH
Pick 3 Villains
ddd62291
Trending Topics
Crossword
Kpop
Anime
NBA
Disney
Marvel
Harry Potter
NFL
Song
Country
Puzzle
WWE
Soccer
The Office
Pokémon
Your Account Isn't Verified!
In order to create a playlist on Sporcle, you need to verify the email address you used during registration. Go to your
Sporcle Settings
to finish the process.
Report this User
Report this user for behavior that violates our
Community Guidelines
.
Details:
Send Report
Go to the Sporcle.com Mobile Site →
Comments